000 00614pam a2200229 a 4500
001 2422886
005 20180829040533.0
008 870902s1988 enk b 000 0 eng
010 _a 87026941
020 _a0521333245
020 _a0521336112 (pbk.)
040 _aDLC
_cDLC
_dDLC
041 _aeng
080 _a128
082 0 0 _a128
_219
100 1 _a2,
101 _ashm
245 1 4 _aThe importance of what we care about :
_cHarry G. Frankfurt.
504 _aIncludes bibliographical references.
906 _a7
_bcbc
_corignew
_d1
_eocip
_f19
_gy-gencatlg
942 _2ddc
_cBK
999 _c47376
_d47376